[Event "Bayern-chI Bank Hofmann 26th"]
[Site "Tegernsee"]
[Date "2023.11.02"]
[Round "6"]
[White "Czap, Bernhard"]
[Black "Lammers, Markus"]
[Result "1-0"]
[WhiteElo "2028"]
[BlackElo "2336"]
[PlyCount "67"]
[EventDate "2023.10.28"]
[EventType "swiss"]
[EventRounds "9"]
[EventCountry "GER"]
[SourceTitle "Mega2024 Update 01"]
[Source "Chessbase"]
[SourceDate "2023.11.12"]
[SourceVersion "1"]
[SourceVersionDate "2023.11.12"]
[SourceQuality "1"]

1. Nf3 Nf6 2. c4 e6 3. g3 d5 4. Bg2 d4 5. 0-0 Nc6 6. e3 Bc5 7. exd4 Nxd4 8. Nxd4 Qxd4 9. d3 0-0 10. Nc3 Rd8 11. Be3 Qe5 12. Bf4 Qf5 13. Bxc7 Rd7 14. Bf4 e5 15. Be3 Bxe3 16. fxe3 Qxd3 17. Qxd3 Rxd3 18. Rad1 Rxd1 19. Rxd1 Be6 20. Bxb7 Rb8 21. c5 Kf8 22. c6 Ke7 23. b4 a6 24. a3 Bc8 25. Nd5+ Nxd5 26. Rxd5 Bxb7 27. Rd7+ Ke6 28. Rxb7 Ra8 29. a4 e4 30. g4 Kd5 31. b5 axb5 32. axb5 Kc4 33. c7 Kd5 34. Rb8 1-0

[Event "Bayern-chI Bank Hofmann 24th"]
[Site "Tegernsee"]
[Date "2021.11.05"]
[Round "7"]
[White "Kindtner, Ulrich"]
[Black "Czap, Bernhard"]
[Result "1-0"]
[WhiteElo "2227"]
[BlackElo "2047"]
[PlyCount "45"]
[EventDate "2021.10.30"]
[EventType "swiss"]
[EventRounds "9"]
[EventCountry "GER"]
[SourceTitle "CBM 205 Extra"]
[Source "ChessBase"]
[SourceDate "2022.01.31"]
[SourceVersion "1"]
[SourceVersionDate "2022.01.31"]
[SourceQuality "1"]

1. e4 d6 2. d4 Nf6 3. Nc3 e5 4. Nf3 exd4 5. Nxd4 Be7 6. Be2 0-0 7. 0-0 c6 8. Bf4 d5 9. exd5 cxd5 10. Bf3 Nc6 11. Re1 a6 12. Bg5 h6 13. Bh4 Bd7 14. Qd3 Re8 15. Rad1 Nb4 16. Qd2 Ne4 17. Nxe4 Bxh4 18. Qxb4 dxe4 19. Bxe4 Rb8 20. Nf5 Bf6 21. Nd6 Re7 22. Bd5 Be6 23. Nxf7 1-0

[Event "Bayern-chI Bank Hofmann 24th"]
[Site "Tegernsee"]
[Date "2021.10.31"]
[Round "2"]
[White "Schuster, Karsten"]
[Black "Czap, Bernhard"]
[Result "1-0"]
[WhiteElo "2317"]
[BlackElo "2047"]
[PlyCount "63"]
[EventDate "2021.10.30"]
[EventType "swiss"]
[EventRounds "9"]
[EventCountry "GER"]
[SourceTitle "CBM 205 Extra"]
[Source "ChessBase"]
[SourceDate "2022.01.31"]
[SourceVersion "1"]
[SourceVersionDate "2022.01.31"]
[SourceQuality "1"]

1. Nf3 d5 2. c4 c6 3. g3 Nf6 4. Bg2 Bg4 5. Ne5 Be6 6. cxd5 Bxd5 7. Nf3 c5 8. Nc3 Bc6 9. 0-0 e6 10. d3 Be7 11. e4 0-0 12. Qe2 Nbd7 13. d4 b6 14. Rd1 Bb7 15. d5 exd5 16. e5 Ne8 17. Nxd5 Nc7 18. Nxc7 Qxc7 19. e6 Nf6 20. Bf4 Qc8 21. exf7+ Rxf7 22. Ng5 Bxg2 23. Kxg2 Qb7+ 24. Kg1 Rff8 25. Qe6+ Kh8 26. Nf7+ Rxf7 27. Qxf7 Rf8 28. Qe6 Re8 29. Re1 Qa8 30. Rad1 h6 31. Qf7 Qf3 32. Rd2 1-0

[Event "Munich OIS op 37th"]
[Site "Munich"]
[Date "2017.10.04"]
[Round "5"]
[White "Reich, Thomas"]
[Black "Czap, Bernhard"]
[Result "1-0"]
[WhiteElo "2365"]
[BlackElo "2089"]
[PlyCount "113"]
[EventDate "2017.09.30"]
[EventType "swiss"]
[EventRounds "9"]
[EventCountry "GER"]
[SourceTitle "CBM 181 Extra"]
[Source "ChessBase"]
[SourceDate "2017.12.12"]
[SourceVersion "1"]
[SourceVersionDate "2017.12.12"]
[SourceQuality "1"]

1. c4 c6 2. e4 d5 3. exd5 cxd5 4. d4 Nf6 5. Nc3 g6 6. Nf3 Bg7 7. cxd5 0-0 8. Bc4 Na6 9. Qb3 Nc7 10. a4 b6 11. Ne5 Bb7 12. Nc6 Bxc6 13. dxc6 Qxd4 14. 0-0 Qc5 15. Re1 e6 16. Bb5 Ncd5 17. Nxd5 Nxd5 18. Bg5 a6 19. Rac1 Qd6 20. Bc4 Qxc6 21. Bxa6 Qd6 22. Bb5 Rfc8 23. Rcd1 Qc5 24. Rd2 h6 25. Bh4 Qb4 26. Qxb4 Nxb4 27. Red1 Nd5 28. Bg3 Bf6 29. Bd6 Bg5 30. Rd3 Bf6 31. R3d2 Bg5 32. Re2 Bf6 33. g3 h5 34. h4 Kg7 35. Kg2 Rd8 36. Rxd5 exd5 37. Bc7 Bd4 38. Bxd8 Rxd8 39. Rc2 Rd6 40. b4 Rd8 41. Kf1 Rd6 42. a5 bxa5 43. bxa5 Rd8 44. a6 Bb6 45. Rc6 Rb8 46. Rxb6 Rxb6 47. a7 Rxb5 48. a8Q Rb6 49. Qxd5 Re6 50. Qd4+ Kh7 51. Kg2 Kg8 52. Kf3 Kh7 53. Kf4 Ra6 54. Qe5 Rc6 55. Kg5 Ra6 56. f4 Rc6 57. f5 1-0

[Event "Regionalliga SW 1617"]
[Site "Bayern"]
[Date "2017.02.05"]
[Round "5.6"]
[White "Wuerdinger, Alexander"]
[Black "Czap, Bernhard"]
[Result "1/2-1/2"]
[WhiteElo "2024"]
[BlackElo "2072"]
[PlyCount "96"]
[EventDate "2016.10.16"]
[EventType "team-tourn"]
[EventRounds "9"]
[EventCountry "GER"]
[SourceTitle "EXT 2019"]
[Source "ChessBase"]
[SourceDate "2018.10.10"]
[SourceVersion "1"]
[SourceVersionDate "2018.10.10"]
[SourceQuality "1"]
[WhiteTeam "Haar"]
[BlackTeam "Unterhaching"]
[WhiteTeamCountry "GER"]
[BlackTeamCountry "GER"]

1. g3 e5 2. c4 Nc6 3. Bg2 Bc5 4. Nc3 a5 5. Nf3 d6 6. e3 Nge7 7. d4 exd4 8. exd4 Ba7 9. Nb5 Bb6 10. 0-0 Bg4 11. h3 Bh5 12. g4 Bg6 13. c5 dxc5 14. dxc5 Bxc5 15. Qxd8+ Kxd8 16. Rd1+ Kc8 17. Bf4 Bb6 18. Rac1 a4 19. Ne5 Ra5 20. Bf1 Rd8 21. Rxd8+ Kxd8 22. Rd1+ Ke8 23. Nxg6 Nxg6 24. Nxc7+ Kf8 25. Re1 Nge5 26. Bxe5 Nxe5 27. Rc1 Rc5 28. Rxc5 Bxc5 29. Kg2 a3 30. bxa3 Bxa3 31. f4 Nc6 32. Kf3 Bd6 33. Nb5 Bb8 34. Ke4 Ke7 35. Bc4 h6 36. f5 g6 37. Bd5 Nb4 38. fxg6 fxg6 39. a3 Nxd5 40. Kxd5 Bg3 41. a4 h5 42. gxh5 gxh5 43. Nc3 h4 44. Ne4 Kd7 45. Kc5 Kc7 46. a5 Be1 47. Kb5 Bg3 48. Nc5 Bf2 1/2-1/2

[Event "Regionalliga SW 1617"]
[Site "Bayern"]
[Date "2016.12.04"]
[Round "3.7"]
[White "Czap, Bernhard"]
[Black "Wiendieck, Joerg"]
[Result "1-0"]
[WhiteElo "2072"]
[BlackElo "1889"]
[PlyCount "69"]
[EventDate "2016.10.16"]
[EventType "team-tourn"]
[EventRounds "9"]
[EventCountry "GER"]
[SourceTitle "EXT 2019"]
[Source "ChessBase"]
[SourceDate "2018.10.10"]
[SourceVersion "1"]
[SourceVersionDate "2018.10.10"]
[SourceQuality "1"]
[WhiteTeam "Unterhaching"]
[BlackTeam "Krumbach"]
[WhiteTeamCountry "GER"]
[BlackTeamCountry "GER"]

1. Nf3 c5 2. c4 Nc6 3. g3 g6 4. Bg2 Bg7 5. Nc3 d6 6. a3 Bd7 7. Rb1 Nf6 8. b4 cxb4 9. axb4 a6 10. 0-0 0-0 11. d4 b5 12. d5 Na7 13. c5 dxc5 14. bxc5 Bf5 15. Rb3 Ne4 16. Nxe4 Bxe4 17. Ng5 Bxg2 18. Kxg2 h6 19. Nf3 Qc8 20. Qc2 e6 21. e4 Rd8 22. Rd1 a5 23. Rbd3 Kh7 24. c6 Qa6 25. c7 Rd7 26. d6 Nc8 27. e5 b4 28. Qa4 Nb6 29. Qc6 a4 30. Be3 Nc8 31. Qxd7 a3 32. Qxf7 a2 33. d7 Qxd3 34. Rxd3 a1Q 35. d8Q 1-0

[Event "Regionalliga SW 1617"]
[Site "Bayern"]
[Date "2016.11.20"]
[Round "2.7"]
[White "Schaub, Manfred"]
[Black "Czap, Bernhard"]
[Result "0-1"]
[WhiteElo "1820"]
[BlackElo "2072"]
[PlyCount "102"]
[EventDate "2016.10.16"]
[EventType "team-tourn"]
[EventRounds "9"]
[EventCountry "GER"]
[SourceTitle "EXT 2019"]
[Source "ChessBase"]
[SourceDate "2018.10.10"]
[SourceVersion "1"]
[SourceVersionDate "2018.10.10"]
[SourceQuality "1"]
[WhiteTeam "Mering"]
[BlackTeam "Unterhaching"]
[WhiteTeamCountry "GER"]
[BlackTeamCountry "GER"]

1. d4 d5 2. c4 c6 3. Nc3 Nf6 4. Bg5 dxc4 5. Bxf6 exf6 6. a4 Bb4 7. e3 Be6 8. Nf3 Qa5 9. Qc1 Nd7 10. Be2 0-0 11. 0-0 Nb6 12. Qc2 Rfe8 13. Nd2 Rad8 14. Rfd1 a6 15. Ncb1 c5 16. dxc5 Qxc5 17. Nc3 Bf5 18. e4 Be6 19. Nf1 f5 20. Bf3 Nd7 21. exf5 Bxf5 22. Be4 Bxe4 23. Nxe4 Qc6 24. Nfg3 Ne5 25. b3 b5 26. bxc4 Qxc4 27. Rdc1 Qxc2 28. Rxc2 bxa4 29. f4 Ng4 30. h3 Ne3 31. Re2 Nd5 32. Rxa4 a5 33. f5 f6 34. Ra1 Nf4 35. Rc2 h5 36. h4 Kh7 37. Kh2 Kh6 38. Rf1 Nd3 39. Ra1 Rd4 40. Re2 Nf4 41. Re3 Bd2 42. Nxd2 Rxe3 43. Nf3 Rb4 44. Ra2 a4 45. Nd2 a3 46. Ndf1 Rc3 47. Rf2 Nd3 48. Rd2 Rxh4+ 49. Kg1 Ra4 50. Ne2 Rb3 51. Rd1 a2 0-1

[Event "Regionalliga SW 1516"]
[Site "Bayern"]
[Date "2016.04.10"]
[Round "9.7"]
[White "Behling, Robert"]
[Black "Czap, Bernhard"]
[Result "1/2-1/2"]
[WhiteElo "2056"]
[BlackElo "2082"]
[PlyCount "81"]
[EventDate "2015.10.11"]
[EventType "team-tourn"]
[EventRounds "9"]
[EventCountry "GER"]
[SourceTitle "EXT 2018"]
[Source "ChessBase"]
[SourceDate "2017.10.13"]
[SourceVersion "1"]
[SourceVersionDate "2017.10.13"]
[SourceQuality "1"]
[WhiteTeam "Haunstetten"]
[BlackTeam "Unterhaching"]
[WhiteTeamCountry "GER"]
[BlackTeamCountry "GER"]

1. c4 c6 2. e4 d5 3. exd5 cxd5 4. d4 Nf6 5. Nc3 g6 6. Qb3 Bg7 7. cxd5 0-0 8. Be2 Na6 9. Bg5 Qb6 10. Qxb6 axb6 11. Nf3 Nb4 12. Bxf6 Bxf6 13. 0-0 Bg4 14. Ne5 Bxe2 15. Nxe2 Rfd8 16. Rfc1 Nxd5 17. a3 Bg5 18. Rc4 Rac8 19. Kf1 Rxc4 20. Nxc4 Rc8 21. Ne5 Rc2 22. Rb1 f6 23. Nf3 Bh6 24. g3 Kf7 25. Ke1 Ke6 26. Kd1 Rc4 27. Nd2 Rc6 28. Ne4 f5 29. N4c3 Rc4 30. Kc2 Bg7 31. Kd3 Rc8 32. Nxd5 Kxd5 33. Nc3+ Kd6 34. f4 e6 35. Rc1 Kd7 36. Rc2 Rc6 37. Re2 Rd6 38. Nb5 Rc6 39. Nc3 Bf6 40. a4 Rd6 41. Nb5 1/2-1/2

[Event "Regionalliga SW 1516"]
[Site "Bayern"]
[Date "2015.10.25"]
[Round "2.6"]
[White "Brettner, Johannes"]
[Black "Czap, Bernhard"]
[Result "0-1"]
[WhiteElo "1993"]
[BlackElo "2082"]
[PlyCount "54"]
[EventDate "2015.10.11"]
[EventType "team-tourn"]
[EventRounds "9"]
[EventCountry "GER"]
[SourceTitle "EXT 2018"]
[Source "ChessBase"]
[SourceDate "2017.10.13"]
[SourceVersion "1"]
[SourceVersionDate "2017.10.13"]
[SourceQuality "1"]
[WhiteTeam "Garching III"]
[BlackTeam "Unterhaching"]
[WhiteTeamCountry "GER"]
[BlackTeamCountry "GER"]

1. e4 d6 2. d4 Nf6 3. Nc3 g6 4. f4 Bg7 5. Nf3 c5 6. Bb5+ Bd7 7. Bxd7+ Nfxd7 8. Be3 cxd4 9. Bxd4 Bxd4 10. Qxd4 0-0 11. 0-0-0 Qb6 12. Qd2 Nf6 13. e5 Nh5 14. g4 Ng7 15. Nd5 Qd8 16. f5 Nc6 17. Qh6 f6 18. Nxf6+ exf6 19. Rxd6 Qe7 20. exf6 Rxf6 21. Ng5 Nxf5 22. gxf5 Rxd6 23. Ne6 Rxe6 24. fxe6 Qxe6 25. Kb1 Re8 26. h3 Qe3 27. Qh4 Qe4 0-1

[Event "Landesliga Sued 1415"]
[Site "Bayern"]
[Date "2014.11.23"]
[Round "3.8"]
[White "Leeb, Simon"]
[Black "Czap, Bernhard"]
[Result "1/2-1/2"]
[WhiteElo "2093"]
[BlackElo "2082"]
[PlyCount "85"]
[EventDate "2014.10.19"]
[EventType "team-tourn"]
[EventRounds "9"]
[EventCountry "GER"]
[SourceTitle "EXT 2018"]
[Source "ChessBase"]
[SourceDate "2017.10.13"]
[SourceVersion "1"]
[SourceVersionDate "2017.10.13"]
[SourceQuality "1"]
[WhiteTeam "Muenchen Suedost"]
[BlackTeam "Unterhaching"]
[WhiteTeamCountry "GER"]
[BlackTeamCountry "GER"]

1. d4 d5 2. c4 c6 3. Nc3 Nf6 4. Nf3 dxc4 5. a4 Bf5 6. Ne5 Nbd7 7. Nxc4 Nb6 8. Ne5 a5 9. f3 Nfd7 10. Nd3 Bxd3 11. Qxd3 Qc7 12. g3 e5 13. Qe4 Bb4 14. f4 f5 15. Qxf5 exd4 16. Qe4+ Kf7 17. Qxd4 Rhe8 18. Bd2 Nc5 19. Qg1 Nd3+ 20. Kd1 Bc5 21. Qg2 Nf2+ 22. Kc2 Nc4 23. e4 Nxd2 24. Kxd2 Rad8+ 25. Kc2 Be3 26. Bc4+ Kf8 27. Rhd1 Nxd1 28. Rxd1 Qe7 29. Qh3 g6 30. e5 Kg7 31. b3 Rxd1 32. Kxd1 Rd8+ 33. Ke2 Bb6 34. Ne4 Qa3 35. Nd6 Qb2+ 36. Kd3 Qd4+ 37. Kc2 Qf2+ 38. Kd3 Qe3+ 39. Kc2 Bc5 40. Qh4 Qf2+ 41. Kb1 Qe1+ 42. Kc2 Qf2+ 43. Kb1 1/2-1/2

[Event "Landesliga Sued 1213"]
[Site "Bayern"]
[Date "2012.11.11"]
[Round "2.8"]
[White "Czap, Bernhard"]
[Black "Walch, Ingo"]
[Result "1-0"]
[WhiteElo "2060"]
[BlackElo "1982"]
[PlyCount "117"]
[EventDate "2012.10.14"]
[EventType "team-tourn"]
[EventRounds "9"]
[EventCountry "GER"]
[SourceTitle "EXT 2015"]
[Source "ChessBase"]
[SourceDate "2014.11.20"]
[SourceVersion "1"]
[SourceVersionDate "2014.11.20"]
[SourceQuality "1"]
[WhiteTeam "Unterhaching"]
[BlackTeam "Rottal"]
[WhiteTeamCountry "GER"]
[BlackTeamCountry "GER"]

1. c4 d6 2. g3 e5 3. Bg2 Nc6 4. Nc3 g6 5. d3 Bg7 6. e4 Nge7 7. Nge2 Bg4 8. f3 Be6 9. Nd5 Qd7 10. Be3 0-0 11. 0-0 a5 12. b3 f5 13. Rc1 Rf7 14. Qd2 Raf8 15. a3 b6 16. b4 axb4 17. axb4 Kh8 18. Kh1 Nd4 19. Nxd4 exd4 20. Bh6 Bxh6 21. Qxh6 Ra8 22. Qd2 Rff8 23. Qb2 Nc6 24. b5 Bxd5 25. exd5 Ne5 26. Qxd4 Qg7 27. f4 Ng4 28. Qxg7+ Kxg7 29. Bf3 Nf6 30. Ra1 Rfe8 31. Ra6 Nd7 32. d4 Rxa6 33. bxa6 Ra8 34. Ra1 Ra7 35. Be2 Kf7 36. g4 Nb8 37. gxf5 Rxa6 38. fxg6+ hxg6 39. Rxa6 Nxa6 40. Bd3 Kf6 41. Kg2 Nb8 42. Be4 Nd7 43. Kg3 Nf8 44. Kg4 Nd7 45. h4 b5 46. cxb5 Nb6 47. Kf3 Na4 48. Ke3 Nc3 49. Kd3 Nxb5 50. Kc4 Na7 51. Kb4 Nc8 52. Kb5 Ne7 53. Ka6 c6 54. dxc6 d5 55. Bxd5 Nxd5 56. Kb7 Kf5 57. c7 Nxc7 58. Kxc7 Ke4 59. Kd6 1-0

[Event "GER Daehne Cup"]
[Site "Halle"]
[Date "2012.06.08"]
[Round "4.13"]
[White "Koop, Soeren"]
[Black "Czap, Bernhard"]
[Result "1-0"]
[WhiteElo "2043"]
[BlackElo "2155"]
[PlyCount "49"]
[EventDate "2012.06.07"]
[EventType "k.o."]
[EventRounds "5"]
[EventCountry "GER"]
[SourceTitle "EXT 2016"]
[Source "ChessBase"]
[SourceDate "2015.10.08"]
[SourceVersion "1"]
[SourceVersionDate "2015.10.08"]
[SourceQuality "1"]

1. e4 d6 2. d4 Nf6 3. Nc3 g6 4. f4 Bg7 5. Nf3 c5 6. Bb5+ Bd7 7. e5 Ng4 8. e6 fxe6 9. Ng5 Bxb5 10. Nxb5 Qa5+ 11. c3 Qxb5 12. Nxe6 Qc4 13. Qxg4 cxd4 14. Nxg7+ Kf7 15. f5 Kxg7 16. Qh4 Nc6 17. Bh6+ Kg8 18. Rf1 Re8 19. 0-0-0 Qxa2 20. f6 Qa1+ 21. Kc2 d3+ 22. Kxd3 Qa6+ 23. Kc2 exf6 24. Qxf6 Qe2+ 25. Kc1 1-0

[Event "GER Daehne Cup"]
[Site "Halle"]
[Date "2012.06.07"]
[Round "1.6"]
[White "Czap, Bernhard"]
[Black "Braun, Vitali"]
[Result "0-1"]
[WhiteElo "2155"]
[BlackElo "2378"]
[PlyCount "86"]
[EventDate "2012.06.07"]
[EventType "k.o."]
[EventRounds "5"]
[EventCountry "GER"]
[SourceTitle "EXT 2016"]
[Source "ChessBase"]
[SourceDate "2015.10.08"]
[SourceVersion "1"]
[SourceVersionDate "2015.10.08"]
[SourceQuality "1"]

1. c4 c5 2. g3 g6 3. Bg2 Bg7 4. Nc3 Nc6 5. Nf3 e6 6. d3 Nge7 7. Bg5 h6 8. Bd2 0-0 9. Qc1 Kh7 10. a3 Rb8 11. Rb1 b6 12. 0-0 Bb7 13. b4 Nf5 14. e3 d6 15. Qc2 Qe7 16. Rfd1 Ncd4 17. Nxd4 cxd4 18. Ne2 dxe3 19. fxe3 h5 20. Nf4 Bh6 21. Re1 Rbc8 22. b5 Rfd8 23. Bb4 h4 24. Bxb7 Qxb7 25. Qf2 hxg3 26. hxg3 Qe7 27. e4 Ng7 28. Qf3 Qf6 29. Kg2 Bxf4 30. gxf4 Nh5 31. Rh1 Kg8 32. Rbf1 d5 33. e5 Qf5 34. Rxh5 Qxh5 35. Qxh5 gxh5 36. Be7 Rd7 37. Bf6 Kh7 38. Rh1 Kg6 39. Kf3 dxc4 40. Rg1+ Kh6 41. dxc4 Rxc4 42. Rg8 Rd3+ 43. Ke2 Rxa3 0-1

[Event "GER Daehne Cup"]
[Site "Halle"]
[Date "2012.06.07"]
[Round "2.14"]
[White "Lindenmair, Anton"]
[Black "Czap, Bernhard"]
[Result "1-0"]
[WhiteElo "2058"]
[BlackElo "2155"]
[PlyCount "43"]
[EventDate "2012.06.07"]
[EventType "k.o."]
[EventRounds "5"]
[EventCountry "GER"]
[SourceTitle "EXT 2016"]
[Source "ChessBase"]
[SourceDate "2015.10.08"]
[SourceVersion "1"]
[SourceVersionDate "2015.10.08"]
[SourceQuality "1"]

1. d4 Nf6 2. c4 g6 3. Nc3 Bg7 4. e4 d6 5. f4 0-0 6. Nf3 Na6 7. Be2 e5 8. dxe5 dxe5 9. Qxd8 Rxd8 10. Nxe5 Nc5 11. 0-0 Ncxe4 12. Nxe4 Nxe4 13. Be3 Re8 14. Bf3 Nd6 15. c5 Nf5 16. Bf2 Bxe5 17. fxe5 Rxe5 18. Rad1 Re8 19. c6 bxc6 20. Bxc6 Ba6 21. Bxe8 Bxf1 22. Bc6 1-0

[Event "Landesliga Sued 1112"]
[Site "Bayern"]
[Date "2012.02.26"]
[Round "7.6"]
[White "Czap, Bernhard"]
[Black "Shahin, Walid"]
[Result "1/2-1/2"]
[WhiteElo "2047"]
[BlackElo "2041"]
[PlyCount "66"]
[EventDate "2011.10.02"]
[EventType "team-tourn"]
[EventRounds "9"]
[EventCountry "GER"]
[SourceTitle "EXT 2015"]
[Source "ChessBase"]
[SourceDate "2014.11.20"]
[SourceVersion "1"]
[SourceVersionDate "2014.11.20"]
[SourceQuality "1"]
[WhiteTeam "Unterhaching"]
[BlackTeam "Weilheim"]
[WhiteTeamCountry "GER"]
[BlackTeamCountry "GER"]

1. c4 e5 2. g3 Nf6 3. Bg2 d6 4. Nc3 g6 5. d3 Bg7 6. e4 0-0 7. Nge2 h6 8. 0-0 Nc6 9. Nd5 Ne8 10. Be3 Kh7 11. Rb1 Nd4 12. Nxd4 exd4 13. Bd2 c6 14. Nf4 Nf6 15. b4 Ng4 16. b5 Ne5 17. Qc2 f5 18. bxc6 bxc6 19. f3 Qe8 20. Ne2 fxe4 21. fxe4 Rxf1+ 22. Rxf1 Rb8 23. Nxd4 Ng4 24. Nb3 Qe5 25. h3 Rxb3 26. axb3 Qxg3 27. Bf4 Bd4+ 28. Kh1 Qh4 29. Bxd6 Nf6 30. Rf4 Qe1+ 31. Rf1 Qh4 32. Rf4 Qe1+ 33. Rf1 Qh4 1/2-1/2

[Event "Landesliga Sued 1112"]
[Site "Bayern"]
[Date "2012.01.15"]
[Round "5.7"]
[White "Weichlein, Paul"]
[Black "Czap, Bernhard"]
[Result "0-1"]
[WhiteElo "1911"]
[BlackElo "2047"]
[PlyCount "105"]
[EventDate "2011.10.02"]
[EventType "team-tourn"]
[EventRounds "9"]
[EventCountry "GER"]
[SourceTitle "EXT 2013"]
[Source "ChessBase"]
[SourceDate "2012.11.22"]
[SourceVersion "1"]
[SourceVersionDate "2012.11.22"]
[SourceQuality "1"]
[WhiteTeam "Haunstetten"]
[BlackTeam "Unterhaching"]
[WhiteTeamCountry "GER"]
[BlackTeamCountry "GER"]

1. d4 g6 2. c4 Nf6 3. Nc3 Bg7 4. e4 d6 5. f3 0-0 6. Be3 a6 7. Qd2 Nbd7 8. 0-0-0 b5 9. Bh6 Nb6 10. h4 e6 11. h5 Qe7 12. Bxg7 Kxg7 13. Bd3 Nxc4 14. Bxc4 bxc4 15. Nge2 Bd7 16. Rh2 Rh8 17. g4 Rab8 18. Nf4 c6 19. g5 Nxh5 20. Nxh5+ gxh5 21. Rxh5 Rbg8 22. f4 Kf8 23. Rdh1 Rg7 24. d5 cxd5 25. exd5 Bc8 26. Ne4 Bb7 27. Nf6 Bxd5 28. Qb4 Qc7 29. Rd1 a5 30. Qb5 Bc6 31. Qxc4 Ke7 32. Rh3 Rc8 33. Rc3 Qb6 34. Qd3 Bb7 35. Rxc8 Bxc8 36. Ne4 Bb7 37. Nxd6 Qc7+ 38. Kb1 Bd5 39. Qa3 Qxd6 40. Qc3 Rg8 41. Qf6+ Ke8 42. Rc1 Bb7 43. Re1 Rg6 44. Qc3 Qxf4 45. Qxa5 Rxg5 46. Qb6 Bd5 47. Ka1 Kf8 48. Qc5+ Kg7 49. Qc3+ Qf6 50. Qd3 Rg2 51. Qb5 Qf2 52. Qb4 Qd2 53. Qc3+ 0-1

[Event "Landesliga Sued 1112"]
[Site "Bayern"]
[Date "2011.12.11"]
[Round "4.7"]
[White "Czap, Bernhard"]
[Black "Lanzinner, Denis"]
[Result "1-0"]
[WhiteElo "2047"]
[BlackElo "1974"]
[PlyCount "99"]
[EventDate "2011.10.02"]
[EventType "team-tourn"]
[EventRounds "9"]
[EventCountry "GER"]
[SourceTitle "EXT 2013"]
[Source "ChessBase"]
[SourceDate "2012.11.22"]
[SourceVersion "1"]
[SourceVersionDate "2012.11.22"]
[SourceQuality "1"]
[WhiteTeam "Unterhaching"]
[BlackTeam "Freising"]
[WhiteTeamCountry "GER"]
[BlackTeamCountry "GER"]

1. c4 e5 2. g3 Nc6 3. Nc3 f5 4. Nf3 Nf6 5. d4 e4 6. d5 exf3 7. dxc6 bxc6 8. exf3 Bb4 9. Bd2 0-0 10. Be2 Re8 11. 0-0 a5 12. Re1 d6 13. Qc2 Be6 14. Bd3 g6 15. a3 Bc5 16. Ne2 Nd7 17. b4 axb4 18. axb4 Rxa1 19. Rxa1 Bb6 20. Bc3 Bf7 21. f4 Nf6 22. Bb2 Bxf2+ 23. Kxf2 Ng4+ 24. Kg1 Qe7 25. Qd2 c5 26. bxc5 d5 27. h3 dxc4 28. hxg4 cxd3 29. Qxd3 Qxe2 30. Qxe2 Rxe2 31. Ra8+ Re8 32. Ra7 c6 33. g5 Kf8 34. Be5 Kg8 35. Rc7 Bd5 36. Rg7+ Kf8 37. Rxh7 Re6 38. Kf2 Ke8 39. Rg7 Kf8 40. Bf6 Be4 41. Rxg6 Bd5 42. Rh6 Kf7 43. Rh7+ Kg8 44. Rh8+ Kf7 45. Be5 Rg6 46. Bf6 Rg8 47. Rh7+ Ke8 48. Re7+ Kf8 49. Re5 Be4 50. g4 1-0

[Event "Bayern-chI Bank Hofmann 15th"]
[Site "Bad Wiessee"]
[Date "2011.11.04"]
[Round "7"]
[White "Welling, Gerard J"]
[Black "Czap, Bernhard"]
[Result "1-0"]
[WhiteElo "2322"]
[BlackElo "2208"]
[PlyCount "67"]
[EventDate "2011.10.29"]
[EventType "swiss"]
[EventRounds "9"]
[EventCountry "GER"]
[SourceTitle "EXT 2012"]
[Source "ChessBase"]
[SourceDate "2011.11.24"]
[SourceVersion "1"]
[SourceVersionDate "2011.11.24"]
[SourceQuality "1"]

1. d4 Nf6 2. Nf3 g6 3. Nc3 d5 4. Bf4 Bg7 5. e3 0-0 6. Be2 Bg4 7. Ne5 Bxe2 8. Qxe2 c6 9. h4 Nfd7 10. h5 Nxe5 11. dxe5 e6 12. hxg6 fxg6 13. Qg4 Qe7 14. Bg5 Qf7 15. f4 Nd7 16. 0-0-0 Rfe8 17. Qh4 Nf8 18. Rd2 b5 19. Nd1 a5 20. Nf2 Ra7 21. Ng4 Rb8 22. Bf6 a4 23. Bxg7 Qxg7 24. Nf6+ Kh8 25. g4 a3 26. b3 Qe7 27. Rdh2 Rbb7 28. Qg5 Qc5 29. f5 Rg7 30. fxg6 Rae7 31. Nxh7 Nxh7 32. Rxh7+ Rxh7 33. gxh7 Rxh7 34. Qd8+ 1-0

[Event "Landesliga Sued 1112"]
[Site "Bayern"]
[Date "2011.10.02"]
[Round "1.8"]
[White "Czap, Bernhard"]
[Black "Duraku, Emin"]
[Result "1/2-1/2"]
[WhiteElo "2047"]
[BlackElo "1990"]
[PlyCount "77"]
[EventDate "2011.10.02"]
[EventType "team-tourn"]
[EventRounds "9"]
[EventCountry "GER"]
[SourceTitle "EXT 2013"]
[Source "ChessBase"]
[SourceDate "2012.11.22"]
[SourceVersion "1"]
[SourceVersionDate "2012.11.22"]
[SourceQuality "1"]
[WhiteTeam "Unterhaching"]
[BlackTeam "Ingolstadt"]
[WhiteTeamCountry "GER"]
[BlackTeamCountry "GER"]

1. c4 g6 2. g3 Bg7 3. Bg2 e5 4. Nc3 Nc6 5. e4 d6 6. Nge2 Nge7 7. d3 0-0 8. 0-0 f5 9. Be3 Nd4 10. f3 Be6 11. Bf2 Qd7 12. Nxd4 exd4 13. Ne2 fxe4 14. fxe4 Bg4 15. Qd2 c5 16. Kh1 Nc6 17. Bg1 Bxe2 18. Qxe2 Ne5 19. a4 Rxf1 20. Bxf1 Rf8 21. Bg2 Bh6 22. b3 Qd8 23. b4 Qb6 24. bxc5 dxc5 25. Qc2 Qb4 26. Rd1 Qc3 27. Qb1 b6 28. Bf1 Ng4 29. Re1 Ne5 30. Be2 Be3 31. Qd1 Bxg1 32. Kxg1 Kg7 33. Rf1 Rxf1+ 34. Kxf1 Qb2 35. Kg1 Qa2 36. Bf1 Kf6 37. Be2 Ke6 38. Bf1 Kd6 39. Be2 1/2-1/2

[Event "Bayern-chI Bank Hofmann 14th"]
[Site "Bad Wiessee"]
[Date "2010.11.07"]
[Round "9"]
[White "Eichhorn, Andreas"]
[Black "Czap, Bernhard"]
[Result "0-1"]
[WhiteElo "2321"]
[BlackElo "2168"]
[PlyCount "114"]
[EventDate "2010.10.30"]
[EventType "swiss"]
[EventRounds "9"]
[EventCountry "GER"]
[SourceTitle "EXT 2011"]
[Source "ChessBase"]
[SourceDate "2010.11.26"]
[SourceVersion "1"]
[SourceVersionDate "2010.11.26"]
[SourceQuality "1"]

1. c4 Nf6 2. g3 g6 3. Bg2 Bg7 4. Nc3 0-0 5. e4 d6 6. Nge2 c5 7. 0-0 Nc6 8. d3 a6 9. h3 Rb8 10. a4 Ne8 11. Be3 Nc7 12. d4 cxd4 13. Nxd4 Ne6 14. Nde2 Bd7 15. f4 Nc5 16. e5 Bf5 17. Nd5 b5 18. cxb5 axb5 19. Ndc3 Nb4 20. Bxc5 dxc5 21. Nxb5 Bc2 22. Qxd8 Rfxd8 23. Nec3 f6 24. Nc7 fxe5 25. Ne6 Rd3 26. Nxg7 Kxg7 27. Ne4 exf4 28. Rxf4 e5 29. Rf2 c4 30. Kh2 Rd1 31. Ra3 Bb3 32. Nc3 Re1 33. a5 Na6 34. Bd5 Rf8 35. Rxf8 Kxf8 36. Bb7 Nc7 37. Nd5 Nxd5 38. Bxd5 Re2+ 39. Bg2 Rxb2 40. a6 c3 41. a7 Bd5 42. a8Q+ Bxa8 43. Rxa8+ Ke7 44. Ra1 Rd2 45. Rc1 c2 46. g4 e4 47. Kg3 e3 48. Bf3 e2 49. Bxe2 Rxe2 50. Kf4 Kf6 51. h4 Ke6 52. Kf3 Rh2 53. Kg3 Rd2 54. Kf4 Kd5 55. h5 gxh5 56. gxh5 Kd4 57. Kf5 Rg2 0-1